01090nam a22001457a 4500003000900000005001700009008004100026040001300067100004500080245003900125260007400164300001200238490003200250520066200282IT-RoPau20220918181222.0141004b xxu||||| |||| 00| 0 eng d cIT-RoPau aIstituto Regina Apostolorum (Apostoline) aSe vuoi... - 1971bVieni e seguimi aCastelgandolfo (Roma)bIstituto Regina Apostolorum (Apostoline)c1971 c18,5 cm aSe vuoi...vAnno XII - 1971 aIndice Anno XII – n. 1 G. V. – G. Roatta – G. Zoffoli – L. F. – G. Clementel – B. Giordano – G. Leclos Anno XII – n. 2 G. Verani – G. Roatta – p. Secondo da Torino – G. Zoffoli – G. Clementel – B. Cadorin – Sally Trench Anno XII – n. 3 G. Verani – G. Roatta – G. Zoffoli – G. Clementel – L. F. – B. Cadorin – G. Barra – G. Finlandia Anno XII – n. 4 G. Zoffoli – Richard - B. Cadorin – G. Cesbron – G. Gravelle Anno XII – n. 5 G. Verani – Paolo VI – G. Zoffoli – L. F. – B. Cadorin Anno XII – n. 6 G. Verani – G. Raotta – G. Zoffoli – L. F. – G. Clementel – B. Cadorin – E. Bianco